00495nam a22001337a 4500020001600000082000800016100002400024245011400048260003500162300003000197650004700227700003000274856005700304 qHard Cover. a200 aMuhammad Faraz Khan aOptimization of machining parameters for ADC10 Aluminium Alloy using Taguchi Approach /cKhan Muhammad Faraz  aKarachi :bPNEC - NUST,c2013. axi, 42 p. : ill. ;c30cm. aMS-Industrial & Manufacturing Engineering  aSupervisor. Salman Nisar. uhttp://10.250.8.41:8080/xmlui/handle/123456789/22346